Top 10 najmniej zalesionych państw Azji - Statystyki

Ogólne statystyki
  • Ten quiz został rozwiązany 17 496 razy
    6 596 od ostatniego zresetowania
  • Średni wynik to 8 z 10
Statystyki odpowiedzi
% Kraj % Poprawnych
0,065 Arabia Saudyjska
93%
0,15 Oman
90%
0,89 Jemen
89%
0,93 Katar
89%
0,60 Irak
87%
0,65 Zjednoczone Emiraty Arabskie
84%
0,43 Kuwejt
79%
0,20 Jordania
71%
0,18 Turkmenistan
36%
0,64 Uzbekistan
36%
Nie znaleziono quizów pasujących do podanych kryteriów
Rozkład punktacji
Procent ludzi z każdym wynikiem
Percentyl według liczby udzielonych odpowiedzi
Twoja historia wyników
Nie rozwiązałeś tego quizu od ostatniego zresetowania